2019 F1 Grid - Statistics

General Stats
  • This quiz has been taken 105 times
  • The average score is 21 of 22
Answer Stats
Team Nationality Answer % Correct
Ferrari Monégasque Charles Leclerc
100%
McLaren British Lando Norris
100%
Ferrari German Sebastian Vettel
100%
Red Bull Thai Alexander Albon
99%
Toro Rosso Thai Alexander Albon
99%
McLaren Spanish Carlos Sainz
99%
Mercedes British Lewis Hamilton
99%
Red Bull Dutch Max Verstappen
99%
Racing Point Mexican Sergio Perez
99%
Mercedes Finnish Valtteri Bottas
99%
Renault Australian Daniel Ricciardo
98%
Haas Danish Kevin Magnussen
98%
Alfa Romeo Finnish Kimi Raikkonen
96%
Racing Point Canadian Lance Stroll
96%
Renault German Nico Hulkenberg
96%
Red Bull French Pierre Gasly
95%
Toro Rosso French Pierre Gasly
95%
Williams British George Russell
88%
Toro Rosso Russian Daniil Kvyat
86%
Haas French Romain Grosjean
86%
Williams Polish Robert Kubica
84%
Alfa Romeo Italian Antonio Giovinazzi
80%
No matching quizzes found
Score Distribution
Percent of People with Each Score
Percentile by Number Answered
Your Score History
You have not taken this quiz